00414 2200157 4500001002100000008004100021020002200062035002000084082000800104084001400112100003000126245004100156260002500197300002200222990001200244INLIS000000000002879 IND  a978-602-7999-64-0 a0010-0925000226 a813 a813 PEN r aKolaborasi 24 Penulis Top aRindu IbucKolaborasi 24 Penulis Top aJakartabZettuc2013 a244c(13 x 19 cm) a0755101